000 01100nam a22003377a 4500
003 CHAP
005 20220329134553.0
008 971013s1957 r 00010 d
010 _a22371
011 _a23343
035 _a27439
040 _cCHAP
082 _a630.72
_bC65
100 0 0 _aComar, Cyril Lewis.
_925519
245 _aAtomic energy and agriculture
260 _aWashington :
_bAmerican Association for the Advancement of Science,
_c1957
300 _a450 p.
_b: ilus.
590 _aBATCH-UPD
_b10
_c20130110
_lUCH01
_h0253
590 _aBATCH-UPD
_b10
_c20130110
_lUCH01
_h2016
590 _aBATCH-UPD
_b10
_c20130409
_lUCH01
_h2324
590 _aBATCH-UPD
_b10
_c20130410
_lUCH01
_h1335
590 _aBATCH-UPD
_b10
_c20130914
_lUCH01
_h1952
590 _aBATCH-UPD
_b10
_c20140805
_lUCH01
_h1144
590 _aCONVERSION
_b10
_c20130109
_lUCH01
_h1313
650 1 4 _aAgricultura
_xInvestigación.
_91577
650 1 4 _aRadioisótopos.
_993701
650 1 4 _aTrazadores radiactivos.
_9114725
901 _aBK
942 _cLIBRO
949 _a630.72 C65
_bBC
_cLIBRO
_d-63647
_eLIBRO
_h20114
_i27439
_si
999 _c22371
_d22371